| 000 | 00843 a2200253 4500 | ||
|---|---|---|---|
| 003 | CBULib | ||
| 005 | 20250128083957.0 | ||
| 008 | 241211b |||||||| |||| 00| 0 eng d | ||
| 020 | _a9780691208619 | ||
| 040 |
_bEnglish _cCBULib _erda |
||
| 050 | _aF 129.B7 Cam | ||
| 100 | _aCampanella, Thomas J. | ||
| 245 |
_aBrooklyn : the once and future city _c/ by Thomas J. Campanella |
||
| 260 |
_bPrinceton University Press, _c2019 _aPrinceton : |
||
| 300 | _axiv, 533 pages : illustrations | ||
| 336 |
_2rdacontent _aText | _btxt |
||
| 337 |
_2rdamedia _aUnmediated | _bn |
||
| 338 |
_2rdacarrier _aVolume _bnc |
||
| 500 | _aIncludes an epilogue, notes and index | ||
| 650 | 0 |
_94227 _aBROOKLYN (NEW YORK) SOCIAL LIFE AND CUSTOMS |
|
| 650 | 0 |
_93904 _aMANNERS AND CUSTOMS |
|
| 650 | 0 |
_94228 _aBROOKLY (NEW YORK, N.Y.) HISTORY |
|
| 942 |
_2lcc _c002 |
||
| 999 |
_c85874 _d85874 |
||